000 00341nam a2200157Ia 4500
001 9311
003 IN-NITTTR
005 20251114233046.0
008 251113s9999||||xx |||||||||||||| ||eng||
040 _beng
040 _cIN-NITTTR
041 _aeng
082 _a621.3893 A24M
245 0 _aManual of sound recording. /
942 _2ddc
_cBK
999 _c11948
_d11948